| 000 | 00485nam a2200181 a 4500 | ||
|---|---|---|---|
| 001 | 2593 | ||
| 005 | 20140414132014.0 | ||
| 008 | 040201s19uu xx 00 eng d | ||
| 020 | _a0-590-46894-4 | ||
| 050 |
_aTR _bB48 1984 |
||
| 100 | _aWood, Don | ||
| 245 |
_aThe big hungry bear / _cDon Wood. |
||
| 260 |
_aU.S.A : _bScholastic, _c1984. |
||
| 300 | _ap. ; cm. | ||
| 500 | _aTR/PS | ||
| 520 | _aThe little mouse, the red ripe strawberry and the big hungry bear | ||
| 999 |
_c113339 _d113339 |
||